000 00906cpcaa22002777a 4500
001 mm 80002317
003 DLC
005 20260227111700.0
008 800129|||||||||||| eng
010 _amm 80002317
040 _aDLC
_cDLC
_edacs
_dDLC
072 7 _aL
_2lcmd
100 1 _aWilliams, John,
_d1664-1729.
245 0 0 _aJohn Williams family papers,
_fcirca 1721-1776.
300 _a6
_fitems.
506 0 _aOpen to research.
545 0 _aClergyman.
546 _aCollection material in English.
580 _aForms part of: Miscellaneous Manuscripts collection.
600 3 0 _aWilliams family.
656 7 _aClergy.
_2itoamc
999 _c42530
_d42530